Click the Brazilian State on a Borderless Map - Statistics

General Stats
  • This quiz has been taken 417 times
  • The average score is 16 of 27
Answers on the Map
Answers color-coded by a green-red scale on the quiz's map according to % correct below.
 
Answer Stats
Answer % Correct
Amazonas
83%
Mato Grosso
75%
Mato Grosso do Sul
71%
Rio de Janeiro
71%
Pará
70%
Acre
69%
São Paulo
69%
Rio Grande do Sul
68%
Bahia
65%
Amapá
64%
Minas Gerais
64%
Roraima
62%
Distrito Federal
60%
Goiás
59%
Espírito Santo
57%
Paraná
55%
Pernambuco
54%
Rio Grande do Norte
54%
Rondônia
53%
Maranhão
52%
Santa Catarina
52%
Tocantins
50%
Sergipe
49%
Ceará
48%
Paraíba
46%
Piauí
46%
Alagoas
43%
No matching quizzes found
Score Distribution
Percent of People with Each Score
Percentile by Number Answered
Your Score History
You have not taken this quiz